Statistics for Countries with the Biggest Japanese Populations Outside of Japan

Click here to take the quiz!

General Stats

  • This quiz has been taken 496 times
    (350 since last reset)
  • The average score is 20 of 32

Answer Stats

Hint Answer % Correct
1,404,286United States
99%
148,579China
94%
600,000-1.6 million (estimated)Brazil
93%
109,740Canada
89%
63,011United Kingdom
87%
34,388Germany
87%
30,947France
86%
58,169South Korea
85%
54,830Australia
82%
100,000Peru
79%
35,000Mexico
79%
7,556Italy
77%
14,720Indonesia
76%
23,000Argentina
75%
47,000Thailand
75%
5,554India
74%
14,118New Zealand
70%
21,000Malaysia
68%
200,000Philippines
68%
27,525Singapore
65%
3,000Colombia
56%
5,235Sweden
52%
14,000Bolivia
42%
7,000Paraguay
42%
6,519Belgium
42%
3,456Uruguay
42%
4,071Switzerland
40%
1,500Pakistan
35%
5,000Palau
15%
1,000Qatar
13%
20,000Micronesia
11%
6,000Marshall Islands
9%

Score Distribution

Percentile by Number Answered

Percent of People with Each Score

Your Score History

You have not taken this quiz since the last reset